000 01022nam a2200277Ia 4500
003 OSt
005 20221005103022.0
006 a|||||r|||| 00| 0
007 ta
008 221004b |||||||| |||| 00| 0 hin d
020 _a8180310329 (hbk)
_cINR 250.00
024 _a29568
037 _b281, 03/03/2017, Eastern Book Linkers
_cTextual
040 _aCRL
_cCRL
_bhin
041 _2hin
_ahin
082 _aO152,3M80:g, P8
100 _aरज़ा, जाफ़र, ले.
245 0 _aप्रेमचन्द
_b कहानी का रहनुमा
246 _aPremachanda: kahānī kā rahanumā
250 _aसंस्करण 2
260 _aइलाहाबाद
_bलोकभारती प्रकाशन भारत
_c2008
300 _a248पृ0
_ccm.
650 _aहिन्दी कहानी
942 _hO152,3M80:g, P8
_cTEXL
_2cc
999 _c1009304
_d1009304